Ochrana osobných údajov v zmysle nariadenia GDPR

Stručný prehľad o novej smernici GDPR, ktorá zavádza jednotné pravidlá v oblasti ochrany osobných údajov. Na jej základe bol na Slovensku prijatý nový zákon č. 18/2018 Z.z. o ochrane osobných údajov, ktorý v značnej miere kopíruje ustanovenia GDPR. Obe právne normy nadobudli účinnosť 25. mája 2018.

Salvato in:
Dettagli Bibliografici
Autore principale: Bystrická, Katarína
Natura: Capitolo di libro
Lingua:slovacco
Soggetti:
Tags: Aggiungi Tag
Nessun Tag, puoi essere il primo ad aggiungerne!!

MARC

LEADER 00000naa$a2200000$$$4500
001 0246422
005 20180717102722.0
041 0 |a slo 
044 |a SK 
245 1 0 |a Ochrana osobných údajov v zmysle nariadenia GDPR  |c Katarína Bystrická 
520 |a Stručný prehľad o novej smernici GDPR, ktorá zavádza jednotné pravidlá v oblasti ochrany osobných údajov. Na jej základe bol na Slovensku prijatý nový zákon č. 18/2018 Z.z. o ochrane osobných údajov, ktorý v značnej miere kopíruje ustanovenia GDPR. Obe právne normy nadobudli účinnosť 25. mája 2018. 
610 2 0 |a ochrana údajov osobných 
610 2 0 |a legislatíva 
610 2 0 |a novelizácia 
610 2 0 |a Európska únia 
100 1 |a Bystrická, Katarína